000 00365nam a2200169Ia 4500
001 8177
003 GE_BSU
008 181216s||||||||xx |||||||||||||| ||und||
040 _cGE_BSU
245 4 _aThe Economist, October 12th-18th
245 _bNumber 8857
260 _aParis
260 _c2013.
300 _a114pg;27sm.
653 _aThe Economist
942 _cCR
999 _c41510
_d41510